ბათუმის შოთა რუსთაველის სახელმწიფო უნივერსიტეტის ბიბლიოთეკა

რჩეული ნაწერები. 2 ტომად. ტ. 1. (ბიბ.ჩანაწერი № 50186)

000 -LEADER
fixed length control field 00877nam a2200217Ia 4500
001 - CONTROL NUMBER
control field 17124
003 - CONTROL NUMBER IDENTIFIER
control field GE_BSU
008 - FIXED-LENGTH DATA ELEMENTS--GENERAL INFORMATION
fixed length control field 181216s||||||||xx |||||||||||||| ||und||
040 ## - CATALOGING SOURCE
Transcribing agency GE_BSU
080 ## - UNIVERSAL DECIMAL CLASSIFICATION NUMBER
Universal Decimal Classification number 821.353.1-32
100 ## - MAIN ENTRY--PERSONAL NAME
Personal name გაბაშვილი, ეკატერინე (1851-1938)
245 ## - TITLE STATEMENT
Title რჩეული ნაწერები. 2 ტომად. ტ. 1.
245 ## - TITLE STATEMENT
Statement of responsibility, etc. გ. თავზიშვილის რედ., წინასიტყვ. და შენიშვნებით.
260 ## - PUBLICATION, DISTRIBUTION, ETC.
Place of publication, distribution, etc. თბილისი
260 ## - PUBLICATION, DISTRIBUTION, ETC.
Name of publisher, distributor, etc. სახელგამი
260 ## - PUBLICATION, DISTRIBUTION, ETC.
Date of publication, distribution, etc. 1953
300 ## - PHYSICAL DESCRIPTION
Extent 487 გვ. 23 სმ.
653 ## - INDEX TERM--UNCONTROLLED
Uncontrolled term გლეხკაცების აზრი სასოფლო სკოლაზედ; გაბედნიერება
653 ## - INDEX TERM--UNCONTROLLED
Uncontrolled term რჩეული ნაწერები
942 ## - ADDED ENTRY ELEMENTS (KOHA)
Koha item type წიგნი
ეგზემპლარები
Withdrawn status Lost status Damaged status Not for loan Date acquired Barcode Date last seen Price effective from Koha item type
        2018-12-17 21741 2018-12-17 2018-12-17 წიგნი